| 000 | 00927cab a2200205 4500 | ||
|---|---|---|---|
| 001 | ABS44485 | ||
| 008 | 090401t1991 xxu||||| |||| 00| 0 eng d | ||
| 035 | _a(Sirsi) u47420 | ||
| 041 | _aeng | ||
| 100 | _aMiller, F. | ||
| 245 | 4 | _aThe judicial immunity of arbitrators | |
| 260 | _c1991 | ||
| 350 | _a0 | ||
| 490 |
_aNew Law Journal _v141(6503) 10 May 1991, 633- |
||
| 520 | _aThe May 1990 report by the Departmental Advisory Committee of Arbitration Law betrays an ambiguity in its position on the immunity from suits for negligence presently enjoyed by arbitrators . This article analyses their statement, and refers to case law and other authorities to clarify the situation. It recommends taking out professional indemnity insurance . | ||
| 650 | _aLIABILITY | ||
| 690 | _aMANAGEMENT-DISPUTE AVOIDANCE, MANAGEMENT AND RESOLUTION-DISPUTE MANAGEMENT AND RESOLUTION-ARBITRATION | ||
| 942 | _n0 | ||
| 948 | _c04/03/1997 | ||
| 999 |
_c29909 _d29909 |
||